| 000 | 00464nam a2200205Ia 4500 | ||
|---|---|---|---|
| 008 | 170918s9999 xx 000 0 und d | ||
| 020 | _a9780545388559 | ||
| 050 | _bM875da 2011 | ||
| 100 | _aMorris, Paula | ||
| 245 | _aDark souls : | ||
| 245 | _ba novel / | ||
| 245 | _cby Paula Morris. | ||
| 260 | _aNew York : | ||
| 260 | _bScholastic, | ||
| 260 | _c2011 | ||
| 300 | _a292 pages : | ||
| 300 | _billustrations ; | ||
| 300 | _c20cm. | ||
| 500 | _a770 | ||
| 999 |
_c344006 _d344006 |
||